| 000 | 00692 a2200193 4500 | ||
|---|---|---|---|
| 020 | _a007116961X | ||
| 020 | _a9780071169615 | ||
| 090 |
_c941 _d941 |
||
| 100 | 1 | _aJohansson, Johny. | |
| 245 | 1 | 0 |
_aGlobal marketing : _bforeign entry, local marketing and global management / _cJohny Johansson. |
| 250 | _aInternat.2r.e. ed. | ||
| 260 |
_a[S.l.] : _bMcGraw-Hill Education (ISE Editions), _c1999. |
||
| 300 | _a672 p. | ||
| 500 | _aImport. | ||
| 500 | _aPaperback. | ||
| 856 | 4 | 0 |
_3Amazon.com _uhttp://www.amazon.com/exec/obidos/ASIN/007116961X/chopaconline-20 |
| 856 | 4 | 0 |
_3Amazon customer reviews _uhttp://www.chopac.org/cgi-bin/tools/azrev.pl?q=007116961X |
| 942 |
_aNBS _cBK _k658.848 JOH |
||
| 999 |
_c343484 _d343484 |
||